000 00636nam a2200241Ia 4500
005 20260430150350.0
008 008 250103s9999 xx 000 0 eng d
037 _aTheses
040 _aCRL
040 _beng
040 _ceng
041 _2eng
041 _aeng
084 _qCRL
100 _aSiddiqui Shazia Au.; Gupta Gunjan Gu.
_91237274
245 0 _aHumnanitarian Intervention as a Tool for Enforcing Human Rights: Critical Analysis
260 _c2022
300 _a224p.
650 _aLaw
700 _aUniversity of Delhi. Fsculty of Arts. Deptt. of Law
_91237275
942 _cTH
999 _c1849612
_d1849612